| 000 | 00434nam a2200169 a 4500 | ||
|---|---|---|---|
| 005 | 20140414132106.0 | ||
| 008 | 100902s19uu xx 00 eng d | ||
| 020 | _a | ||
| 050 |
_aM 395 _bC36 2010 |
||
| 100 | _aChancellor, Deborah | ||
| 245 | _aGood manners. | ||
| 260 |
_aGreat Britain : _bTicktock, _c2010. |
||
| 440 | _aLet's find about... | ||
| 650 |
_aEtiquette _xJuvenile literature |
||
| 650 |
_a _x _x |
||
| 999 |
_c114615 _d114615 |
||